[Event "Wasselonne op 22nd"]
[Site "Wasselonne"]
[Date "2018.08.05"]
[Round "7"]
[White "Lerch, Patrice"]
[Black "Bohlsen, Linus"]
[Result "1-0"]
[WhiteElo "2388"]
[BlackElo "2001"]
[PlyCount "107"]
[EventDate "2018.08.02"]
[EventType "swiss"]
[EventRounds "7"]
[EventCountry "FRA"]
[SourceTitle "CBM 185 Extra"]
[Source "ChessBase"]
[SourceDate "2018.07.29"]
[SourceVersion "1"]
[SourceVersionDate "2018.07.29"]
[SourceQuality "1"]

1. Nc3 d5 2. Nf3 Nf6 3. g3 g6 4. Bg2 Bg7 5. 0-0 0-0 6. d3 c5 7. Bg5 Nc6 8. Qd2 Re8 9. Rab1 Rb8 10. a3 b5 11. Rfd1 b4 12. axb4 cxb4 13. Na4 Qa5 14. Ra1 e5 15. Bh6 Bb7 16. Bxg7 Kxg7 17. e3 Qb5 18. d4 e4 19. Ne1 Nd7 20. Rdc1 Na5 21. Bf1 Nc4 22. b3 Nxd2 23. Bxb5 Bc8 24. Bxd7 Bxd7 25. Nc5 Bg4 26. Rxa7 Ra8 27. Rca1 Rxa7 28. Rxa7 Bd1 29. Na6 Rc8 30. Nxb4 Nxb3 31. cxb3 Rc1 32. Kg2 Bxb3 33. Nec2 Rxc2 34. Nxc2 Bxc2 35. Rd7 Bb3 36. f3 exf3+ 37. Kxf3 Kf6 38. e4 Ke6 39. Ra7 dxe4+ 40. Kxe4 Bd5+ 41. Kf4 h6 42. Ra6+ Ke7 43. Ke5 Be6 44. Ra7+ Bd7 45. Rxd7+ Kxd7 46. Kf6 Ke8 47. h4 Kf8 48. d5 Ke8 49. d6 g5 50. hxg5 hxg5 51. Kxg5 Kd7 52. Kf6 Kxd6 53. Kxf7 Ke5 54. Kg6 1-0

[Event "Wasselonne op 20th"]
[Site "Wasselonne"]
[Date "2016.08.05"]
[Round "3"]
[White "Kukov, Velislav"]
[Black "Bohlsen, Linus"]
[Result "1-0"]
[WhiteElo "2363"]
[BlackElo "2096"]
[PlyCount "85"]
[EventDate "2016.08.04"]
[EventType "swiss"]
[EventRounds "7"]
[EventCountry "FRA"]
[SourceTitle "EXT 2017"]
[Source "ChessBase"]
[SourceDate "2016.10.25"]
[SourceVersion "1"]
[SourceVersionDate "2016.10.25"]
[SourceQuality "1"]

1. d4 d5 2. Bf4 c5 3. c3 Nc6 4. e3 Nf6 5. Nd2 Bf5 6. Ngf3 e6 7. Ne5 Nd7 8. Bb5 Ndxe5 9. Bxe5 Qb6 10. Qa4 Be7 11. g4 f6 12. Bxf6 Bxf6 13. gxf5 cxd4 14. exd4 0-0 15. 0-0-0 exf5 16. Bd3 Kh8 17. h4 Qa5 18. Qxa5 Nxa5 19. Nf3 Nc4 20. Bxc4 dxc4 21. Ne5 b5 22. Nd7 Rf7 23. Nxf6 Rxf6 24. Rde1 a5 25. Re5 Rb8 26. Rhe1 g6 27. Re8+ Rf8 28. Rxf8+ Rxf8 29. Re5 Rb8 30. a4 bxa4 31. Rxa5 Re8 32. Kd2 Re4 33. Rxa4 Rxh4 34. Rxc4 h5 35. b4 Rf4 36. b5 Rxf2+ 37. Ke1 Rb2 38. Rb4 Ra2 39. b6 Ra8 40. b7 Rb8 41. c4 h4 42. c5 h3 43. Kf2 1-0

[Event "Deizisau op 10th"]
[Site "Deizisau"]
[Date "2015.10.31"]
[Round "3"]
[White "Becker, Matthias1111"]
[Black "Bohlsen, Linus"]
[Result "1-0"]
[WhiteElo "2209"]
[BlackElo "2020"]
[PlyCount "55"]
[EventDate "2015.10.30"]
[EventType "swiss"]
[EventRounds "7"]
[EventCountry "GER"]
[SourceTitle "CBM 169 Extra"]
[Source "ChessBase"]
[SourceDate "2015.12.18"]
[SourceVersion "1"]
[SourceVersionDate "2015.12.18"]
[SourceQuality "1"]

1. e4 c5 2. Nf3 e6 3. d4 cxd4 4. Nxd4 a6 5. Nc3 Qc7 6. g3 b5 7. Bg2 Bb7 8. 0-0 Nf6 9. Re1 d6 10. a4 bxa4 11. Nd5 exd5 12. exd5+ Kd8 13. Bg5 Nbd7 14. Qe2 Qc5 15. Nc6+ Bxc6 16. dxc6 Rb8 17. cxd7 Kxd7 18. Bxf6 gxf6 19. Rxa4 Qe5 20. Re4 Qb5 21. c4 Qxb2 22. Re7+ Kd8 23. Re8+ Kc7 24. Rxb8 Qxb8 25. Qf3 d5 26. Qxd5 Bb4 27. Qc6+ Kd8 28. Bh3 1-0

[Event "GER-ch U16"]
[Site "Magdeburg"]
[Date "2014.06.11"]
[Round "6"]
[White "Beeck, Mats"]
[Black "Bohlsen, Linus"]
[Result "0-1"]
[WhiteElo "2018"]
[BlackElo "1958"]
[PlyCount "74"]
[EventDate "2014.06.08"]
[EventType "swiss"]
[EventRounds "9"]
[EventCountry "GER"]
[SourceTitle "CBM 160 Extra"]
[Source "ChessBase"]
[SourceDate "2014.07.01"]
[SourceVersion "1"]
[SourceVersionDate "2014.07.01"]
[SourceQuality "1"]

1. d4 Nf6 2. c4 c5 3. d5 b5 4. cxb5 a6 5. bxa6 g6 6. Nc3 Bxa6 7. e4 Bxf1 8. Kxf1 d6 9. g3 Bg7 10. Kg2 0-0 11. Nf3 Nbd7 12. Qe2 Qa5 13. Bd2 Rfb8 14. Rhb1 Ng4 15. a4 Rb3 16. Ne1 h5 17. h3 Nh6 18. Nb5 Qb6 19. Bc3 Bxc3 20. Nxc3 e6 21. dxe6 fxe6 22. Nb5 Rb4 23. b3 d5 24. exd5 exd5 25. Qd2 Nf7 26. Nc2 Re4 27. Qxd5 Rae8 28. Qxd7 R4e7 29. Qd5 Rd8 30. Qc4 Qc6+ 31. Kg1 Re4 32. Qc3 Ng5 33. Re1 Rf8 34. f4 Nxh3+ 35. Kh2 Rxe1 36. Rxe1 Nf2 37. Re7 Qh1# 0-1

[Event "GER-ch U16"]
[Site "Magdeburg"]
[Date "2014.06.10"]
[Round "5"]
[White "Bohlsen, Linus"]
[Black "Scheftlein, Richard"]
[Result "1-0"]
[WhiteElo "1958"]
[BlackElo "1916"]
[PlyCount "97"]
[EventDate "2014.06.08"]
[EventType "swiss"]
[EventRounds "9"]
[EventCountry "GER"]
[SourceTitle "CBM 160 Extra"]
[Source "ChessBase"]
[SourceDate "2014.07.01"]
[SourceVersion "1"]
[SourceVersionDate "2014.07.01"]
[SourceQuality "1"]

1. d4 Nf6 2. c4 e6 3. Nc3 Bb4 4. e3 b6 5. Nge2 Bb7 6. a3 Be7 7. Ng3 d6 8. e4 Nbd7 9. Bd3 a6 10. Qe2 c5 11. d5 exd5 12. exd5 Ne5 13. Bc2 Bc8 14. 0-0 0-0 15. Re1 Re8 16. b3 Ng6 17. Bb2 Bf8 18. Qd2 Ra7 19. Rxe8 Nxe8 20. Nd1 Be7 21. Ne3 Bf6 22. Bc3 Bxc3 23. Qxc3 Qf6 24. Qxf6 Nxf6 25. Re1 Ne7 26. Bf5 g6 27. Bxc8 Nxc8 28. Ng4 Kg7 29. Nxf6 Kxf6 30. Re8 Ne7 31. f4 Nf5 32. Ne4+ Kg7 33. Rd8 Nd4 34. Rxd6 Re7 35. Ng3 Nxb3 36. Rxb6 Nd2 37. d6 Rd7 38. Rxa6 f5 39. Rc6 Nxc4 40. Rc7 Rxc7 41. dxc7 Nd6 42. Ne2 Kf7 43. Nc3 Ke7 44. Nb5 Nc8 45. Kf2 Kd7 46. Ke3 Nb6 47. Kd3 Kc6 48. a4 Kb7 49. a5 1-0

[Event "Baden-ch U16"]
[Site "Karlsruhe"]
[Date "2014.01.05"]
[Round "6"]
[White "Bykov, Ilya"]
[Black "Bohlsen, Linus"]
[Result "0-1"]
[WhiteElo "1697"]
[BlackElo "1888"]
[PlyCount "46"]
[EventDate "2014.01.??"]
[EventType "swiss"]
[EventRounds "7"]
[EventCountry "GER"]
[SourceTitle "EXT 2022"]
[Source "ChessBase"]
[SourceDate "2021.10.06"]
[SourceVersion "1"]
[SourceVersionDate "2021.10.06"]
[SourceQuality "1"]

1. d3 d5 2. g3 Nf6 3. Bg2 e5 4. Nd2 Bf5 5. Ngf3 Nbd7 6. 0-0 Bd6 7. a3 0-0 8. Qe1 Re8 9. e4 dxe4 10. dxe4 Bg6 11. Nh4 Nb6 12. Nxg6 hxg6 13. Bh3 Qe7 14. Qe2 Rad8 15. Nb3 c6 16. Na5 Na4 17. Bd2 Nc5 18. Bg2 Ne6 19. c3 Qc7 20. b4 c5 21. Rfc1 Rc8 22. Be3 c4 23. b5 Qxa5 0-1

[Event "Baden-ch U16"]
[Site "Karlsruhe"]
[Date "2014.01.04"]
[Round "5"]
[White "Bohlsen, Linus"]
[Black "De Silva, Joel Niels"]
[Result "1-0"]
[WhiteElo "1888"]
[BlackElo "1994"]
[PlyCount "120"]
[EventDate "2014.01.??"]
[EventType "swiss"]
[EventRounds "7"]
[EventCountry "GER"]
[SourceTitle "EXT 2022"]
[Source "ChessBase"]
[SourceDate "2021.10.06"]
[SourceVersion "1"]
[SourceVersionDate "2021.10.06"]
[SourceQuality "1"]

1. d4 d5 2. c4 c6 3. Nc3 Nf6 4. Nf3 e6 5. Bf4 Nbd7 6. e3 Be7 7. Bd3 dxc4 8. Bxc4 b5 9. Bd3 a6 10. 0-0 c5 11. Be4 Nxe4 12. Nxe4 0-0 13. dxc5 Nxc5 14. Nxc5 Bxc5 15. Qxd8 Rxd8 16. Rac1 Bb6 17. Bc7 Bxc7 18. Rxc7 Rd7 19. Rfc1 Rxc7 20. Rxc7 f6 21. Nd4 e5 22. Nc6 Be6 23. a3 Kf8 24. f3 Rc8 25. Rxc8+ Bxc8 26. e4 Ke8 27. Kf2 Kd7 28. Nb4 Kd6 29. Nd3 Be6 30. b4 Kc6 31. Nc5 Bc8 32. Ke3 a5 33. g3 axb4 34. axb4 Kd6 35. f4 f5 36. fxe5+ Kxe5 37. Nd3+ Kd6 38. Kd4 fxe4 39. Kxe4 Bg4 40. Ne5 Bd1 41. Nf7+ Ke6 42. Ng5+ Kd6 43. Kd4 Bc2 44. Ne4+ Kc6 45. Ke5 Bd3 46. Nc5 Bc2 47. Ne6 Bg6 48. Nxg7 Bb1 49. Ne6 Ba2 50. Nd4+ Kb6 51. Kd6 Bb1 52. g4 Bd3 53. h4 Bb1 54. g5 Be4 55. h5 Bd3 56. h6 Kb7 57. Ne6 Kc8 58. Nf4 Bc4 59. g6 Bg8 60. gxh7 Bxh7 1-0

[Event "Baden-ch U14"]
[Site "Karlsruhe Durlach"]
[Date "2012.01.03"]
[Round "3"]
[White "Bohlsen, Linus"]
[Black "Bohny, Henry"]
[Result "1-0"]
[WhiteElo "1631"]
[BlackElo "1392"]
[PlyCount "83"]
[EventDate "2012.01.02"]
[EventType "swiss"]
[EventRounds "7"]
[EventCountry "GER"]
[SourceTitle "EXT 2015"]
[Source "ChessBase"]
[SourceDate "2014.11.20"]
[SourceVersion "1"]
[SourceVersionDate "2014.11.20"]
[SourceQuality "1"]

1. e4 e5 2. Nf3 Nc6 3. Bb5 Nge7 4. 0-0 d6 5. d4 exd4 6. Nxd4 a6 7. Ba4 b5 8. Bb3 Nxd4 9. Qxd4 c5 10. Bxf7+ Kxf7 11. Qd3 Ng6 12. f4 Be7 13. f5 Ke8 14. fxg6 Be6 15. gxh7 Bc4 16. Qg3 Bf6 17. Rd1 Qe7 18. Nd2 Bd4+ 19. Kh1 Be5 20. Qg6+ Bf7 21. Qf5 Be6 22. Qh5+ Bf7 23. Qf5 Be6 24. Qf2 Kd7 25. Nf3 Bg4 26. Nxe5+ Qxe5 27. Qf7+ Kc6 28. Bf4 Raf8 29. Qxf8 Rxf8 30. Bxe5 Bxd1 31. Rxd1 dxe5 32. Kg1 Rh8 33. Rd5 Rxh7 34. Rxe5 Rh6 35. Rg5 Re6 36. Rxg7 Rxe4 37. Kf2 Kd5 38. h3 Rf4+ 39. Ke2 Re4+ 40. Kd2 Rd4+ 41. Kc1 b4 42. Rg4 1-0

[Event "Baden-ch U14"]
[Site "Karlsruhe Durlach"]
[Date "2012.01.03"]
[Round "4"]
[White "Bykov, Ilya"]
[Black "Bohlsen, Linus"]
[Result "1-0"]
[WhiteElo "1632"]
[BlackElo "1631"]
[PlyCount "97"]
[EventDate "2012.01.02"]
[EventType "swiss"]
[EventRounds "7"]
[EventCountry "GER"]
[SourceTitle "EXT 2015"]
[Source "ChessBase"]
[SourceDate "2014.11.20"]
[SourceVersion "1"]
[SourceVersionDate "2014.11.20"]
[SourceQuality "1"]

1. e4 e6 2. d4 d5 3. e5 c5 4. c3 Nc6 5. Nf3 Qb6 6. a3 Nge7 7. b4 cxb4 8. cxb4 a6 9. Bb2 Ng6 10. g3 Be7 11. h4 h6 12. Bd3 Bd7 13. 0-0 Na7 14. Nc3 Nb5 15. Na4 Qd8 16. Qb1 Nf8 17. Nc5 Bxc5 18. bxc5 Bc6 19. a4 Nc7 20. Bc1 Nd7 21. Bd2 0-0 22. Qc1 f5 23. Kg2 Rb8 24. h5 Rf7 25. Nh4 Nf8 26. Rh1 Qe8 27. Be2 Rc8 28. Ng6 Rd7 29. Nf4 Qf7 30. g4 Ne8 31. Nh3 Rcc7 32. g5 hxg5 33. Nxg5 Qe7 34. h6 g6 35. h7+ Kh8 36. f4 Qd8 37. Ba5 Re7 38. Qg1 Qd7 39. Bxc7 Nxc7 40. Qh2 Bxa4 41. Qh6 Rg7 42. Rxa4 Ne8 43. Rb4 a5 44. Bb5 Qe7 45. Ra4 Nc7 46. Rxa5 Nxb5 47. Rxb5 Nxh7 48. Ra5 Qf8 49. Nxh7 1-0

[Event "Baden-ch U14"]
[Site "Karlsruhe Durlach"]
[Date "2012.01.02"]
[Round "1"]
[White "Bohlsen, Linus"]
[Black "Joeres, Roman"]
[Result "1/2-1/2"]
[WhiteElo "1631"]
[BlackElo "1097"]
[PlyCount "106"]
[EventDate "2012.01.02"]
[EventType "swiss"]
[EventRounds "7"]
[EventCountry "GER"]
[SourceTitle "EXT 2015"]
[Source "ChessBase"]
[SourceDate "2014.11.20"]
[SourceVersion "1"]
[SourceVersionDate "2014.11.20"]
[SourceQuality "1"]

1. e4 e5 2. Nf3 Nc6 3. Bb5 d6 4. d4 Bd7 5. 0-0 Nf6 6. Nc3 Be7 7. Bxc6 Bxc6 8. dxe5 dxe5 9. Qxd8+ Rxd8 10. Nxe5 Bxe4 11. Nxe4 Nxe4 12. Re1 Nf6 13. Nf3 Rd7 14. Bg5 0-0 15. Re2 Re8 16. Rae1 Kf8 17. Bxf6 gxf6 18. Re4 Rdd8 19. Rf4 Bd6 20. Rxf6 Rxe1+ 21. Nxe1 Be5 22. Rf3 Bxb2 23. Rb3 Bd4 24. Rd3 Ke7 25. Nf3 Bf6 26. Rxd8 Kxd8 27. Nd2 Kd7 28. f3 Kd6 29. Kf2 Kd5 30. Ke3 Be5 31. g3 f5 32. Kd3 b5 33. c4+ bxc4+ 34. Nxc4 Bd6 35. Nxd6 cxd6 36. h3 h5 37. a3 a6 38. Kc3 a5 39. Kd3 Ke5 40. Kc4 d5+ 41. Kd3 d4 42. Kc4 a4 43. Kd3 Kd5 44. g4 fxg4 45. fxg4 hxg4 46. hxg4 Ke5 47. g5 Kf5 48. Kxd4 Kxg5 49. Kc4 Kf6 50. Kb4 Ke6 51. Kxa4 Kd6 52. Kb5 Kc7 53. Ka6 Kb8 1/2-1/2